| 000 | 00429nam a2200181Ia 4500 | ||
|---|---|---|---|
| 001 | 16163 | ||
| 005 | 20260306170249.0 | ||
| 008 | 260306t1996||||xx |||||||||||||| ||und|| | ||
| 041 | _aESP | ||
| 082 |
_a347 _bM84L |
||
| 100 |
_aMontoya Alberti, Ulises [1940-...] _eAUT |
||
| 245 | 0 | _aLegislación comercial bursátil | |
| 260 | _c1996 | ||
| 300 |
_a _c21 cm. |
||
| 650 | _aGEN | ||
| 654 | _aCAN | ||
| 942 |
_cLIB _dJUS _fJUS _2ddc _n |
||
| 999 |
_c16163 _d16163 |
||